Elsevier's nautical dictionary

Guardat en:
Dades bibliogràfiques
Autor principal: Segditas, P. E.
Format: Llibre
Idioma:Undetermined
Publicat: New York Publishing Comapany 1966
Matèries:
Etiquetes: Afegir etiqueta
Sense etiquetes, Sigues el primer a etiquetar aquest registre!
Thư viện lưu trữ: Trung tâm Học liệu Trường Đại học Cần Thơ
LEADER 00495nam a2200181Ia 4500
001 CTU_76682
008 210402s9999 xx 000 0 und d
082 |a 623.803 
082 |b S454/Vol.2 
100 |a Segditas, P. E. 
245 0 |a Elsevier's nautical dictionary 
245 0 |c P. E. Segditas 
260 |a New York 
260 |b Publishing Comapany 
260 |c 1966 
650 |a Nautical dictionary 
904 |i Mai Loan, Hải 
980 |a Trung tâm Học liệu Trường Đại học Cần Thơ